A Telekom Volt Fesztivál szállás lehetőségeinek elemzése és azok fejlesztési lehetőségei

Bibliographic Details
Main Author: Menyhárt Krisztina
Other Authors: Karakasné Dr. Morvay Dr. Klára
Format: Thesis
Kulcsszavak:Telekom Volt Fesztivál
Szállás lehetőség
VOLT Fesztivál
Online Access:http://dolgozattar.uni-bge.hu/15422

MARC

LEADER 00000nta a2200000 i 4500
001 dolg15422
005 20180802105847.0
008 180504suuuu hu om 000 hun d
040 |a BGE Dolgozattár Repozitórium  |b hun 
041 |a hu 
100 1 |a Menyhárt Krisztina 
245 1 2 |a A Telekom Volt Fesztivál szállás lehetőségeinek elemzése és azok fejlesztési lehetőségei  |c Menyhárt Krisztina  |h [elektronikus dokumentum] 
246 1 1 |a A Telekom Volt Fesztivál szállás lehetőségeinek elemzése és azok fejlesztési lehetőségei 
695 |a Telekom Volt Fesztivál 
695 |a Szállás lehetőség 
695 |a VOLT Fesztivál 
700 1 |a Karakasné Dr. Morvay Dr. Klára  |e ths 
856 4 0 |u http://dolgozattar.uni-bge.hu/15422/1/Szakdolgozat%20Menyh%C3%A1rt%20Krisztina.pdf  |z Dokumentum-elérés